000
00308nam a2200121Ia 4500
005
20251222153640.0
008
251222s9999||||xx |||||||||||||| ||spa||
082
_a
343.333/C76
245
0
_a
Reglamento del Congreso de la Republica
250
_a
1ra. ed.
264
_b
Congreso de la República
942
_c
LIB
999
_c
32719
_d
32719